00738nam a2200169 a 450000100100000000500170001000800410002704000250006808200270009310000370012024500930015726000450025030000270029570000260032295202030034899900170055100004610820201002052637.0150622s1999 dr a 000 0 spa d aDO-SdBNPbspacBNPHU axxxxxxxxxxbxxxxxxxxxx1 aCarrón Vicioso, Lorelay97417410aUn pedacito verde en el corazón /cLorelay Carrón Vicioso ; ilustraciones Henry Cid. aSanto Domingo :bListín Diario,c1999. a63 p. :bil. ;c26 cm.1 aCid, Henry,eil.9346 0010718PDaPDbPDcHDd2015-06-22iLF1l0oxxxxxxxxxx xxxxxxxxxxp46108-10r2020-06-25w2020-06-25yLFPDzPerteneció a la biblioteca personal de Chiqui Vicioso / Fidelio Despradel.ZNo se presta c45597d45597